000
00214nam a2200097Ia 4500
008
220204s9999 xx 000 0 und d
082
_a
82-3
_b
CLA
100
_a
Clair, David
245
0
_a
Psychic healers
942
_c
BK
999
_c
35134
_d
35134